000
00313nam a22001337a 4500
008
181017b xxu||||| |||| 00| 0 eng d
020
_a
9780130135711
041
_a
eng
080
_a
371
100
_a
46
101
_a
EDU
245
_a
How to reach & teach students with Dyslexia
_c
Stowe,C.M
942
_2
udc
_c
BK
999
_c
50036
_d
50036